| 000 | 00000nam##2200000za#4500 |
| 001 | 9.580041 |
| 003 | CaOODSP |
| 005 | 20210624190840 |
| 007 | cr ||||||||||| |
| 008 | 150406|1967||||xxc|||||o f|0| 0 eng|d |
| 040 | |aCaOODSP|beng |
| 043 | |an-cn--- |
| 086 | 1 |aFs52-1/22E-PDF |
| 110 | 1 |aCanada. |bDepartment of Fisheries and Oceans. |
| 245 | 10|aG.B. Reed groundfish cruise no. 67-1, February 1 to April 24, 1967 / |h[electronic resource]|cBy W. R. Harling, D. Davenport and S. J. Westrheim. |
| 260 | |aNanaimo - British Columbia : |bFisheries and Oceans Canada |c1967. |
| 300 | |a60p.|bfigs., tables |
| 490 | 1 |aFisheries Research Board of Canada, technical report|vNo. 22 |
| 500 | |aIncludes an errata. Digitized by Fisheries and Oceans Canada. |
| 546 | |a(Résumés en français.) |
| 590 | |a14-13-Supp|b2014-06-23 |
| 830 | #0|aTechnical report (Fisheries Research Board of Canada)|vNo. 22|w(CaOODSP)9.507879 |
| 856 | 40|ahttp://publications.gc.ca|qPDF|s6755 KB|uhttps://publications.gc.ca/collections/collection_2014/mpo-dfo/Fs52-1-22-eng.pdf|yNo. 22 |